[Event "5th Alicante it"]
[Site "Alicante ESP"]
[Date "1978.??.??"]
[Round "1"]
[White "Ermenkov, Evgeny"]
[WhiteElo "2520"]
[Black "Hernando Pertierra, Jose Carlos"]
[BlackElo "2340"]
[Result "1-0"]
[EventDate "1978.03.01"]
[PlyCount "55"]

1.e4 c6 2.d4 d5 3.Nd2 g6 4.c3 Bg7 5.Bd3 Nd7 6.e5 Nf8 7.f4 Bf5 8.Bxf5 gxf5 
9.Qh5 e6 10.Ndf3 Qe7 11.Be3 O-O-O 12.Ne2 f6 13.h3 Qe8 14.Qxe8 Rxe8 15.g4 
Ne7 16.Ng3 fxe5 17.dxe5 Nfg6 18.Nh5 fxg4 19.hxg4 Bf8 20.Nf6 d4 21.cxd4 Nd5
22.Nxd5 cxd5 23.f5 Bb4+ 24.Ke2 Ne7 25.a3 Ba5 26.f6 Nc6 27.Ng5 Bb6 28.Kd3 
1-0

[Event "5th Alicante it"]
[Site "Alicante ESP"]
[Date "1978.??.??"]
[Round "1"]
[White "Martin Gonzalez, Angel"]
[WhiteElo "2390"]
[Black "Vilela de Acuna, Jose Luis"]
[BlackElo "2435"]
[Result "1/2-1/2"]
[EventDate "1978.03.01"]
[PlyCount "54"]

1.e4 c5 2.Nf3 e6 3.d4 cxd4 4.Nxd4 Nf6 5.Nc3 d6 6.Be2 Be7 7.O-O Nc6 8.Be3 
Bd7 9.f4 O-O 10.Qe1 Nxd4 11.Bxd4 Bc6 12.Qg3 g6 13.f5 e5 14.Be3 Nxe4 15.
Nxe4 Bxe4 16.Bh6 Re8 17.Rad1 Rc8 18.Bd3 Bxd3 19.Rxd3 e4 20.Rd5 Bh4 21.Qf4 
e3 22.g3 e2 23.Re1 Qb6+ 24.Qf2 Bd8 25.Rd2 Qc6 26.fxg6 fxg6 27.Qg2 Qc5+ 
1/2-1/2

[Event "5th Alicante it"]
[Site "Alicante ESP"]
[Date "1978.??.??"]
[Round "1"]
[White "Ochoa de Echaguen Estibalez, Francisco Javier"]
[WhiteElo "2345"]
[Black "Verdu Carbonell, Juan Miguel"]
[BlackElo "2200"]
[Result "1-0"]
[EventDate "1978.03.01"]
[PlyCount "91"]

1.e4 c5 2.Nf3 e6 3.d4 cxd4 4.Nxd4 a6 5.Bd3 Nf6 6.O-O d6 7.c4 Be7 8.Nc3 O-O
9.Be3 Nc6 10.Kh1 Re8 11.f4 Bf8 12.Nxc6 bxc6 13.e5 Nd7 14.exd6 Bxd6 15.
Bxh7+ Kxh7 16.Qxd6 Bb7 17.Rad1 Nf6 18.Qxd8 Rexd8 19.Bb6 Rxd1 20.Rxd1 Rb8 
21.Ba7 Rc8 22.Bc5 Rc7 23.Kg1 Kg6 24.Kf2 Rd7 25.Rxd7 Nxd7 26.Bd6 Kf5 27.h3 
e5 28.g4+ Ke6 29.Bxe5 Nxe5 30.fxe5 Kxe5 31.Ke3 Bc8 32.Na4 f5 33.gxf5 Bxf5 
34.h4 Bb1 35.Nc3 Bf5 36.Ne2 Bb1 37.Nc3 Bf5 38.b3 Bg6 39.Na4 Bb1 40.a3 Kf5 
41.Nc5 Kg4 42.Nxa6 Kxh4 43.Nc5 Bf5 44.a4 g5 45.a5 Bc8 46.a6 1-0

[Event "5th Alicante it"]
[Site "Alicante ESP"]
[Date "1978.??.??"]
[Round "1"]
[White "Rodriguez Vargas, Orestes"]
[WhiteElo "2485"]
[Black "Fernandez Garcia, Jose Luis"]
[BlackElo "2310"]
[Result "1-0"]
[EventDate "1978.03.01"]
[PlyCount "79"]

1.Nf3 Nf6 2.d4 g6 3.g3 Bg7 4.Bg2 O-O 5.O-O c5 6.dxc5 Na6 7.c4 Nxc5 8.Nc3 
b6 9.Nd4 Bb7 10.Bxb7 Nxb7 11.b3 Rc8 12.e4 d6 13.Be3 Qd7 14.f3 Nc5 15.Qd2 
Qb7 16.Rac1 a6 17.Rfd1 Ne6 18.Nc2 Nd7 19.Nd5 Ne5 20.Qe2 Nc5 21.Nd4 Nc6 22.
Nxc6 Rxc6 23.Kg2 Rfc8 24.Rc2 Ne6 25.Nb4 R6c7 26.Qf2 b5 27.Bb6 Rd7 28.cxb5 
axb5 29.a4 Rxc2 30.Nxc2 bxa4 31.bxa4 Qa6 32.a5 Bc3 33.Qf1 Nc7 34.Ne3 e6 
35.Qxa6 Nxa6 36.Rc1 Bf6 37.Rc8+ Kg7 38.Ra8 Nb4 39.a6 d5 40.a7 1-0

[Event "5th Alicante it"]
[Site "Alicante ESP"]
[Date "1978.??.??"]
[Round "2"]
[White "Fernandez Garcia, Jose Luis"]
[WhiteElo "2310"]
[Black "Diesen, Mark"]
[BlackElo "2440"]
[Result "1/2-1/2"]
[EventDate "1978.03.01"]
[PlyCount "54"]

1.e4 c5 2.Nf3 d6 3.d4 cxd4 4.Nxd4 Nf6 5.Nc3 a6 6.Be3 e5 7.Nb3 Be6 8.Qd2 
Nbd7 9.f3 b5 10.g4 Nb6 11.g5 Nfd7 12.Nd5 Rc8 13.Na5 Nxd5 14.exd5 Bxd5 15.
Qxd5 Qxa5+ 16.c3 Be7 17.Bd3 Qc7 18.h4 Nb6 19.Bxb6 Qxb6 20.O-O-O b4 21.c4 
Qc6 22.Qxc6+ Rxc6 23.b3 g6 24.Be4 Rc5 25.Kc2 O-O 26.Bd5 Kg7 27.a3 Rfc8 
1/2-1/2

[Event "5th Alicante it"]
[Site "Alicante ESP"]
[Date "1978.??.??"]
[Round "2"]
[White "Hernando Pertierra, Jose Carlos"]
[WhiteElo "2340"]
[Black "Damjanovic, Mato"]
[BlackElo "2455"]
[Result "0-1"]
[EventDate "1978.03.01"]
[PlyCount "122"]

1.Nf3 Nf6 2.c4 c5 3.g3 g6 4.b3 Bg7 5.Bb2 O-O 6.Bg2 Nc6 7.O-O d6 8.d3 Rb8 
9.Nc3 a6 10.d4 Nd7 11.dxc5 Nxc5 12.Ne1 Qa5 13.Rc1 Bxc3 14.Bxc3 Qxa2 15.Rb1
Bf5 16.Rb2 Qa3 17.Nc2 Bxc2 18.Qxc2 a5 19.Rd1 Nb4 20.Qb1 Na4 21.Bxb4 Qxb2 
22.Bxa5 Qxb1 23.Rxb1 Nc5 24.Bc7 Ra8 25.Bb6 Ra6 26.Bxc5 dxc5 27.Bxb7 Rb6 
28.Be4 Rfb8 29.Bc2 Ra8 30.Rd1 Rd6 31.Rb1 Rd2 32.Bd3 Raa2 33.b4 cxb4 34.
Rxb4 Rdb2 35.Rb5 Rxb5 36.cxb5 Rb2 37.Kg2 e5 38.g4 f6 39.Kg3 Rb4 40.f3 Kg7 
41.h4 Kf7 42.h5 gxh5 43.gxh5 h6 44.e4 Ke6 45.Kh3 Rd4 46.Be2 f5 47.exf5+ 
Kxf5 48.Kg3 Kg5 49.Bf1 Kxh5 50.Bh3 Kg5 51.Bc8 Rb4 52.Bd7 h5 53.Bc6 h4+ 54.
Kh3 Rb2 55.Bd7 Rb4 56.Bc6 Rb3 57.Kg2 Kf4 58.Kh2 Rb4 59.Kg2 h3+ 60.Kh2 Rb1 
61.Kxh3 Rb2 0-1

[Event "5th Alicante it"]
[Site "Alicante ESP"]
[Date "1978.??.??"]
[Round "2"]
[White "Medina Garcia, Antonio Angel"]
[WhiteElo "2425"]
[Black "Ochoa de Echaguen Estibalez, Francisco Javier"]
[BlackElo "2345"]
[Result "1/2-1/2"]
[EventDate "1978.03.01"]
[PlyCount "56"]

1.e4 c5 2.Nc3 Nc6 3.g3 g6 4.Bg2 Bg7 5.d3 d6 6.f4 e5 7.Nh3 exf4 8.Nxf4 Nge7
9.O-O O-O 10.Be3 Ne5 11.Kh1 Rb8 12.a4 a6 13.Bh3 Bxh3 14.Nxh3 b5 15.axb5 
axb5 16.Nf4 N5c6 17.Qc1 b4 18.Ncd5 Ra8 19.Rxa8 Qxa8 20.Nb6 Qa6 21.Nfd5 
Nxd5 22.Nxd5 f5 23.Bh6 Qb7 24.Qg5 Rf7 25.Bxg7 Kxg7 26.Rxf5 b3 27.cxb3 Rxf5
28.exf5 Nb4 1/2-1/2

[Event "5th Alicante it"]
[Site "Alicante ESP"]
[Date "1978.??.??"]
[Round "2"]
[White "Vilela de Acuna, Jose Luis"]
[WhiteElo "2435"]
[Black "Rodriguez Vargas, Orestes"]
[BlackElo "2485"]
[Result "1-0"]
[EventDate "1978.03.01"]
[PlyCount "73"]

1.c4 c5 2.Nf3 Nf6 3.d4 cxd4 4.Nxd4 e6 5.g3 d5 6.Bg2 Be7 7.O-O O-O 8.cxd5 
Nxd5 9.Nc3 Nxc3 10.bxc3 a6 11.Qb3 Nd7 12.Ba3 Nc5 13.Qc4 Qc7 14.Nc6 bxc6 
15.Bxc5 Bxc5 16.Qxc5 Bd7 17.Rfd1 Rfc8 18.Rab1 Be8 19.Be4 h6 20.Rb4 Qa7 21.
Qd6 a5 22.Rb2 a4 23.Rb4 Qa5 24.Bc2 Rd8 25.Qe7 Rxd1+ 26.Bxd1 Qe5 27.Rxa4 
Rc8 28.Rd4 Qa5 29.Bb3 c5 30.Rd3 Qa8 31.h4 Bc6 32.Kh2 Be4 33.Rd7 Bg6 34.
Bxe6 Rf8 35.Bc4 Qb8 36.Qd6 Qb2 37.Qxg6 1-0

[Event "5th Alicante it"]
[Site "Alicante ESP"]
[Date "1978.??.??"]
[Round "3"]
[White "Damjanovic, Mato"]
[WhiteElo "2455"]
[Black "Verdu Carbonell, Juan Miguel"]
[BlackElo "2200"]
[Result "1-0"]
[EventDate "1978.03.01"]
[PlyCount "66"]

1.e4 c5 2.Nf3 e6 3.d4 cxd4 4.Nxd4 a6 5.Bd3 Nf6 6.O-O d6 7.c4 g6 8.Nc3 Bg7 
9.Be3 O-O 10.h3 Qc7 11.Rc1 b6 12.Qd2 Bb7 13.Bh6 Nc6 14.Bxg7 Kxg7 15.Nxc6 
Bxc6 16.b4 Qb7 17.Rfe1 d5 18.e5 Ne4 19.Bxe4 dxe4 20.a4 Rfd8 21.Qe3 Rd3 22.
Qf4 e3 23.f3 Qd7 24.Rxe3 Rd4 25.Qf6+ Kg8 26.b5 Bb7 27.bxa6 Bxa6 28.Ne4 
Rxc4 29.Rxc4 Bxc4 30.Qh4 Qd1+ 31.Kh2 Kf8 32.Qxh7 Rd8 33.Qh8+ Ke7 1-0

[Event "5th Alicante it"]
[Site "Alicante ESP"]
[Date "1978.??.??"]
[Round "3"]
[White "Diesen, Mark"]
[WhiteElo "2440"]
[Black "Vilela de Acuna, Jose Luis"]
[BlackElo "2435"]
[Result "1/2-1/2"]
[EventDate "1978.03.01"]
[PlyCount "81"]

1.d4 Nf6 2.c4 e6 3.Nf3 b6 4.g3 Ba6 5.Qa4 c5 6.Bg2 Bb7 7.O-O cxd4 8.Nxd4 
Bxg2 9.Kxg2 Qc8 10.Bf4 Be7 11.Nb5 Qc6+ 12.f3 O-O 13.N1c3 Rc8 14.Rfd1 Ne8 
15.Rac1 a6 16.Nd4 Qb7 17.Nc2 Nc6 18.Nd4 Nf6 19.Nb3 h6 20.Bd6 Bxd6 21.Rxd6 
Ne5 22.Nd2 Qc7 23.Rd4 b5 24.cxb5 axb5 25.Qb3 Qb6 26.Rb4 Qe3 27.Qd1 Rab8 
28.Nde4 Ne8 29.Nd2 d5 30.Nb3 Nd6 31.Qd4 Qxd4 32.Nxd4 Nc6 33.Nxc6 Rxc6 34.
Rd1 Rc4 35.Rd4 Rxd4 36.Rxd4 b4 37.Nd1 Nc4 38.e4 Rb5 39.exd5 exd5 40.b3 Nb6
41.Ne3 1/2-1/2

[Event "5th Alicante it"]
[Site "Alicante ESP"]
[Date "1978.??.??"]
[Round "3"]
[White "Martin Gonzalez, Angel"]
[WhiteElo "2390"]
[Black "Ermenkov, Evgeny"]
[BlackElo "2520"]
[Result "0-1"]
[EventDate "1978.03.01"]
[PlyCount "64"]

1.e4 c5 2.Nf3 Nc6 3.d4 cxd4 4.Nxd4 Nf6 5.Nc3 d6 6.f4 e5 7.Nf3 Be7 8.Bc4 
O-O 9.f5 Na5 10.Bd5 Bd7 11.Qd3 Rc8 12.Be3 b5 13.Nxb5 Nxd5 14.Qxd5 Nc4 15.
Bf2 Nxb2 16.Nxa7 Rxc2 17.O-O Na4 18.Nb5 Qa5 19.Rab1 Bc6 20.Qd3 Rxa2 21.Qc4
Nc5 22.Nc3 Rc2 23.Rbc1 Bb5 24.Qxb5 Qxc3 25.Rxc2 Qxc2 26.Bxc5 dxc5 27.Qb7 
Bf6 28.g4 h6 29.h4 Qe2 30.Rf2 Qe3 31.Qd5 Rd8 32.Qc6 Bxh4 0-1

[Event "5th Alicante it"]
[Site "Alicante ESP"]
[Date "1978.??.??"]
[Round "3"]
[White "Ochoa de Echaguen Estibalez, Francisco Javier"]
[WhiteElo "2345"]
[Black "Fernandez Garcia, Jose Luis"]
[BlackElo "2310"]
[Result "1/2-1/2"]
[EventDate "1978.03.01"]
[PlyCount "44"]

1.d4 d5 2.Nf3 e6 3.e3 Nf6 4.Bd3 c5 5.c3 Be7 6.O-O O-O 7.Nbd2 Nc6 8.b3 b6 
9.Bb2 Bb7 10.Rc1 Rc8 11.Qe2 Rc7 12.Rfd1 Qa8 13.Bb1 Rd8 14.c4 dxc4 15.dxc5 
cxb3 16.cxb6 axb6 17.Nxb3 Rxd1+ 18.Rxd1 Nb4 19.Bd4 Nbd5 20.Rc1 Qc8 21.Rxc7
Qxc7 22.Qc2 Qxc2 1/2-1/2

[Event "5th Alicante it"]
[Site "Alicante ESP"]
[Date "1978.??.??"]
[Round "3"]
[White "Rodriguez Vargas, Orestes"]
[WhiteElo "2485"]
[Black "Sanz Alonso, Francisco Javier"]
[BlackElo "2330"]
[Result "1/2-1/2"]
[EventDate "1978.03.01"]
[PlyCount "76"]

1.d4 Nf6 2.c4 e6 3.Nc3 Bb4 4.a3 Bxc3+ 5.bxc3 c5 6.f3 d5 7.cxd5 Nxd5 8.dxc5
Qa5 9.e4 Nc7 10.Qd4 f6 11.Qb4 Nc6 12.Qxa5 Nxa5 13.Rb1 e5 14.f4 exf4 15.
Bxf4 Ne6 16.Bd6 Bd7 17.Nf3 Rc8 18.Bb5 Nxc5 19.O-O b6 20.Nd4 Nab7 21.Bf4 
Bxb5 22.Nxb5 O-O 23.Nxa7 Ra8 24.Nb5 Nxe4 25.Rfe1 f5 26.Bc7 Rf6 27.Be5 Rc6 
28.Nd4 Rc5 29.Nf3 Rc6 30.Nd4 Rc5 31.Bf4 Nxc3 32.Rxb6 Na5 33.Rd6 Nc4 34.Rd7
Rd5 35.Ree7 Rxd7 36.Rxd7 Rxa3 37.h3 Ra5 38.Bg5 Rd5 1/2-1/2

[Event "5th Alicante it"]
[Site "Alicante ESP"]
[Date "1978.??.??"]
[Round "4"]
[White "Hernando Pertierra, Jose Carlos"]
[WhiteElo "2340"]
[Black "Verdu Carbonell, Juan Miguel"]
[BlackElo "2200"]
[Result "1/2-1/2"]
[EventDate "1978.03.01"]
[PlyCount "93"]

1.Nf3 c5 2.e3 g6 3.d4 Bg7 4.Be2 Nf6 5.O-O b6 6.c4 O-O 7.Nc3 d6 8.b3 Bb7 9.
Bb2 e6 10.Qd3 Na6 11.Rad1 d5 12.Ba3 Ne4 13.cxd5 exd5 14.Na4 Rc8 15.dxc5 
Naxc5 16.Nxc5 bxc5 17.b4 Nc3 18.Rd2 c4 19.Qc2 Nb5 20.Bc1 Bc3 21.Rdd1 Bxb4 
22.Bb2 Qa5 23.Rb1 Bc6 24.Bf6 Na3 25.Qb2 Nxb1 26.Rxb1 Ba3 27.Qd4 Rb8 28.
Rxb8 Rxb8 29.Qf4 Rb1+ 30.Bf1 Bf8 31.Bd4 Bg7 32.Qd6 Ba4 33.Ng5 Rb7 34.Bxg7 
Kxg7 35.Qe5+ f6 36.Ne6+ Kf7 37.Qd6 Rd7 38.Qf8+ Kxe6 39.e4 dxe4 40.Bxc4+ 
Kf5 41.g4+ Kf4 42.Qxf6+ Kxg4 43.Be2+ Kh3 44.Bf1+ Kg4 45.Be2+ Kh3 46.Bf1+ 
Kg4 47.Be2+ 1/2-1/2

[Event "5th Alicante it"]
[Site "Alicante ESP"]
[Date "1978.??.??"]
[Round "4"]
[White "Medina Garcia, Antonio Angel"]
[WhiteElo "2425"]
[Black "Damjanovic, Mato"]
[BlackElo "2455"]
[Result "1/2-1/2"]
[EventDate "1978.03.01"]
[PlyCount "143"]

1.e4 c5 2.Nf3 Nc6 3.d4 cxd4 4.Nxd4 Qc7 5.Nc3 e6 6.Be2 a6 7.O-O Nf6 8.Kh1 
Bb4 9.Nxc6 bxc6 10.f4 d5 11.e5 Nd7 12.Qe1 a5 13.Qg3 O-O 14.Bd2 Re8 15.Rae1
Nf8 16.Bd3 Ng6 17.Rf3 Bxc3 18.Bxc3 c5 19.Qg4 d4 20.Bd2 c4 21.Bf1 Ne7 22.
Ra3 Bb7 23.Qe2 Bd5 24.Qf2 Nf5 25.Kg1 Reb8 26.Bc1 a4 27.Rh3 Qe7 28.Rd1 a3 
29.b3 cxb3 30.cxb3 Rc8 31.Bd3 g6 32.Bd2 Ne3 33.Bxe3 dxe3 34.Qxe3 Rc3 35.
Qd4 Rac8 36.Ba6 Rxh3 37.Bxc8 Rh6 38.Qf2 f6 39.Ba6 fxe5 40.fxe5 Rh5 41.Re1 
Rf5 42.Qe3 Qh4 43.Bf1 Qg4 44.Re2 Rf8 45.Rd2 Rf4 46.h3 Qf5 47.Bd3 Qf8 48.
Rc2 Rf7 49.Kh2 Kg7 50.Qb6 Qe7 51.Qe3 Qh4 52.Kg1 Qb4 53.Bc4 Rc7 54.Qf4 Qe1+
55.Kh2 Rf7 56.Qg3 Qd1 57.Qc3 Bxc4 58.Qxc4 Rf1 59.Qe4 h5 60.Rc7+ Kh6 61.Rc6
Rh1+ 62.Kg3 Qe1+ 63.Qxe1 Rxe1 64.Kf3 Ra1 65.Rc2 Kg5 66.Ke3 Rd1 67.Re2 h4 
68.Rf2 Rd5 69.Rc2 Rd1 70.Re2 Rd5 71.Rf2 Rd1 72.Rc2 1/2-1/2

[Event "5th Alicante it"]
[Site "Alicante ESP"]
[Date "1978.??.??"]
[Round "4"]
[White "Sanz Alonso, Francisco Javier"]
[WhiteElo "2330"]
[Black "Diesen, Mark"]
[BlackElo "2440"]
[Result "1/2-1/2"]
[EventDate "1978.03.01"]
[PlyCount "72"]

1.e4 e6 2.d4 d5 3.Nc3 Be7 4.exd5 exd5 5.Bd3 Nc6 6.Nge2 Bf6 7.O-O Nge7 8.
Bb5 O-O 9.Bf4 a6 10.Ba4 Bg4 11.f3 Be6 12.Bxc6 Nxc6 13.Na4 b6 14.c3 Ne7 15.
b3 Ng6 16.Be3 Re8 17.Qd2 Bd7 18.Nb2 Qe7 19.Nd1 Bb5 20.Re1 a5 21.a4 Ba6 22.
Ng3 Bg5 23.Kf2 Bh4 24.b4 axb4 25.cxb4 Bc4 26.Nb2 Qd6 27.Rac1 b5 28.a5 h6 
29.f4 Ne7 30.Kg1 Bxg3 31.hxg3 Nc6 32.Nd3 Bxd3 33.Qxd3 Qxb4 34.Bd2 Rxe1+ 
35.Bxe1 Qd6 36.Qc3 Ra6 1/2-1/2

[Event "5th Alicante it"]
[Site "Alicante ESP"]
[Date "1978.??.??"]
[Round "4"]
[White "Vilela de Acuna, Jose Luis"]
[WhiteElo "2435"]
[Black "Ochoa de Echaguen Estibalez, Francisco Javier"]
[BlackElo "2345"]
[Result "1-0"]
[EventDate "1978.03.01"]
[PlyCount "153"]

1.d4 Nf6 2.c4 e6 3.Nf3 Bb4+ 4.Nbd2 Qe7 5.e3 O-O 6.Be2 d6 7.O-O Bxd2 8.Nxd2
e5 9.Nb1 c6 10.Nc3 a5 11.e4 h6 12.d5 Na6 13.Be3 c5 14.f3 Nc7 15.b3 Bd7 16.
Qd3 Rab8 17.f4 exf4 18.Bxf4 Nfe8 19.Qg3 f6 20.Bxh6 b5 21.Bd3 Qe5 22.Qxe5 
fxe5 23.Bg5 b4 24.Ne2 Rxf1+ 25.Rxf1 a4 26.h3 axb3 27.axb3 Ra8 28.Nc1 Ra3 
29.Rf2 Na8 30.Kf1 Nb6 31.Ke1 Ra7 32.Be2 g6 33.Kd1 Kg7 34.Bd3 Bc8 35.Kc2 
Nd7 36.Kb2 Ndf6 37.Ne2 Nh7 38.Be3 Rf7 39.Rxf7+ Kxf7 40.Kc2 Kf6 41.Kd2 Ng5 
42.Ng3 Nf7 43.Ke2 Ng7 44.Kf2 Bd7 45.Bc2 Bc8 46.Kg1 Bd7 47.Kh2 Bc8 48.Bd1 
Bd7 49.Nh1 Ne8 50.Nf2 Nc7 51.Kg3 Bc8 52.Bg4 Bxg4 53.Kxg4 Kg7 54.Nd3 Na6 
55.h4 Nh6+ 56.Kf3 Nf7 57.Kg4 Nb8 58.Nxc5 dxc5 59.Bxc5 Na6 60.Be7 Nh6+ 61.
Kf3 Ng8 62.Bd6 Kf6 63.g4 Ne7 64.g5+ Kf7 65.Bxe5 Nc5 66.Bd6 Na6 67.Be5 Nc5 
68.Bd6 Na6 69.Ke3 Nc8 70.Bg3 Nc5 71.Be1 Nxb3 72.Bxb4 Nb6 73.c5 Nc4+ 74.Kd3
Ne5+ 75.Kc3 Nc1 76.c6 Ke8 77.Kd4 1-0

[Event "5th Alicante it"]
[Site "Alicante ESP"]
[Date "1978.??.??"]
[Round "5"]
[White "Damjanovic, Mato"]
[WhiteElo "2455"]
[Black "Fernandez Garcia, Jose Luis"]
[BlackElo "2310"]
[Result "1-0"]
[EventDate "1978.03.01"]
[PlyCount "49"]

1.e4 d6 2.d4 Nf6 3.Nc3 g6 4.Be2 Bg7 5.Nf3 O-O 6.O-O c6 7.a4 a5 8.Be3 Ng4 
9.Bg5 h6 10.Bh4 Na6 11.h3 Nf6 12.e5 dxe5 13.dxe5 Nd5 14.Nxd5 cxd5 15.Bxa6 
Rxa6 16.Bg3 Qb6 17.b3 Qc5 18.Qd2 g5 19.Nd4 f6 20.Rae1 fxe5 21.Bxe5 Bxe5 
22.Rxe5 Rf4 23.c3 Raf6 24.Qe3 Re4 25.Qxe4 1-0

[Event "5th Alicante it"]
[Site "Alicante ESP"]
[Date "1978.??.??"]
[Round "5"]
[White "Diesen, Mark"]
[WhiteElo "2440"]
[Black "Ermenkov, Evgeny"]
[BlackElo "2520"]
[Result "1/2-1/2"]
[EventDate "1978.03.01"]
[PlyCount "42"]

1.d4 Nf6 2.c4 g6 3.Nc3 d5 4.cxd5 Nxd5 5.e4 Nxc3 6.bxc3 c5 7.Bc4 Bg7 8.Ne2 
Nc6 9.Be3 cxd4 10.cxd4 b5 11.Bxb5 Qa5+ 12.Nc3 Qxc3+ 13.Bd2 Qxd4 14.Bxc6+ 
Bd7 15.Bxa8 Qxa1 16.Qxa1 Bxa1 17.O-O O-O 18.Rxa1 Rxa8 19.Rc1 Rc8 20.Rxc8+ 
Bxc8 21.Be3 Be6 1/2-1/2

[Event "5th Alicante it"]
[Site "Alicante ESP"]
[Date "1978.??.??"]
[Round "5"]
[White "Ochoa de Echaguen Estibalez, Francisco Javier"]
[WhiteElo "2345"]
[Black "Sanz Alonso, Francisco Javier"]
[BlackElo "2330"]
[Result "1/2-1/2"]
[EventDate "1978.03.01"]
[PlyCount "24"]

1.f4 d5 2.Nf3 g6 3.g3 Bg7 4.Bg2 Nf6 5.O-O O-O 6.d3 c5 7.Nc3 d4 8.Na4 Nfd7 
9.c4 Nc6 10.a3 Rb8 11.Qc2 Qc7 12.Bd2 a5 1/2-1/2

[Event "5th Alicante it"]
[Site "Alicante ESP"]
[Date "1978.??.??"]
[Round "5"]
[White "Verdu Carbonell, Juan Miguel"]
[WhiteElo "2200"]
[Black "Medina Garcia, Antonio Angel"]
[BlackElo "2425"]
[Result "0-1"]
[EventDate "1978.03.01"]
[PlyCount "36"]

1.e4 e5 2.Nf3 Nc6 3.c3 Nf6 4.d4 Nxe4 5.dxe5 d5 6.Bb5 Bc5 7.Nd4 O-O 8.Bxc6 
bxc6 9.O-O f6 10.b4 fxe5 11.bxc5 exd4 12.Qxd4 Ba6 13.c4 Bxc4 14.Bb2 Qd7 
15.Rc1 Rxf2 16.Rxc4 Rxb2 17.Rc1 Rxg2+ 18.Kxg2 Qg4+ 0-1

[Event "5th Alicante it"]
[Site "Alicante ESP"]
[Date "1978.??.??"]
[Round "6"]
[White "Ermenkov, Evgeny"]
[WhiteElo "2520"]
[Black "Ochoa de Echaguen Estibalez, Francisco Javier"]
[BlackElo "2345"]
[Result "1-0"]
[EventDate "1978.03.01"]
[PlyCount "75"]

1.d4 Nf6 2.Nf3 c5 3.d5 b5 4.c4 Bb7 5.a4 a6 6.e3 g6 7.Nc3 b4 8.Ne2 e6 9.Nf4
Bg7 10.g3 O-O 11.Bg2 Re8 12.Nd2 e5 13.Nd3 d6 14.e4 Bc8 15.b3 Ra7 16.Bb2 
Rf8 17.Qc2 Nh5 18.Bf3 f5 19.Bxh5 gxh5 20.O-O-O fxe4 21.Nxe4 Bg4 22.Rde1 
Bf3 23.Rhg1 Bh6+ 24.Kb1 Raf7 25.h3 Bxe4 26.Rxe4 Rf3 27.Qe2 Nd7 28.Rf4 Rxd3
29.Qxd3 Qg5 30.Rxf8+ Nxf8 31.Bc1 Qg7 32.Bxh6 Qxh6 33.f4 Qg7 34.Rf1 Nd7 35.
fxe5 Nxe5 36.Qf5 h6 37.Qe6+ Kh7 38.Qxd6 1-0

[Event "5th Alicante it"]
[Site "Alicante ESP"]
[Date "1978.??.??"]
[Round "6"]
[White "Fernandez Garcia, Jose Luis"]
[WhiteElo "2310"]
[Black "Verdu Carbonell, Juan Miguel"]
[BlackElo "2200"]
[Result "1-0"]
[EventDate "1978.03.01"]
[PlyCount "99"]

1.e4 c5 2.Nf3 e6 3.d4 cxd4 4.Nxd4 Nc6 5.Nb5 d6 6.c4 Nf6 7.N5c3 Be7 8.Be2 
O-O 9.O-O b6 10.Be3 Bb7 11.Nd2 d5 12.exd5 exd5 13.Nxd5 Nxd5 14.cxd5 Nb4 
15.Bf3 Bxd5 16.a3 Bxf3 17.Nxf3 Nd5 18.Bd4 Bf6 19.Re1 Nf4 20.Be5 Bxe5 21.
Nxe5 Qg5 22.Qf3 Rad8 23.Re4 Ng6 24.Rae1 Nxe5 25.Rxe5 Qd2 26.R5e2 Qd7 27.
Re7 Qd2 28.g3 Rd7 29.Qe2 Qd6 30.Rxd7 Qxd7 31.Qe7 Qb5 32.b4 Qa4 33.Re3 a5 
34.Rd3 Qc2 35.Rd8 Qc1+ 36.Kg2 Qc6+ 37.Kh3 Qh6+ 38.Kg2 Qc6+ 39.Kf1 Qc1+ 40.
Ke2 Qc2+ 41.Ke3 Qc1+ 42.Kf3 Qc6+ 43.Kf4 Qh6+ 44.Ke4 Qe6+ 45.Qxe6 fxe6 46.
Rxf8+ Kxf8 47.bxa5 bxa5 48.Kd4 Ke7 49.Kc5 Kd7 50.f4 1-0

[Event "5th Alicante it"]
[Site "Alicante ESP"]
[Date "1978.??.??"]
[Round "6"]
[White "Hernando Pertierra, Jose Carlos"]
[WhiteElo "2340"]
[Black "Medina Garcia, Antonio Angel"]
[BlackElo "2425"]
[Result "0-1"]
[EventDate "1978.03.01"]
[PlyCount "96"]

1.d4 Nf6 2.Nf3 d5 3.c4 e6 4.Nc3 Bb4 5.e3 O-O 6.Bd3 c5 7.a3 Bxc3+ 8.bxc3 
dxc4 9.Bxc4 Qc7 10.Qe2 cxd4 11.cxd4 b5 12.Bd3 Qc3+ 13.Qd2 Qxa1 14.O-O Bb7 
15.d5 Rc8 16.Bb2 Qa2 17.e4 e5 18.Nxe5 Nbd7 19.Ra1 Qb3 20.Nf3 Nc5 21.Bxf6 
gxf6 22.Bc2 Qb2 23.Rb1 Nxe4 24.Bxe4 Qxd2 25.Nxd2 a6 26.a4 Kf8 27.g4 Rc5 
28.Nb3 Rc4 29.f3 Rb4 30.axb5 axb5 31.Kf2 Ra3 32.Nd2 Rxb1 33.Nxb1 Ra2+ 34.
Ke3 Bc8 35.Nc3 Rb2 36.d6 Bd7 37.Nd5 Bc6 38.Nxf6 Bxe4 39.fxe4 Rxh2 40.g5 b4
41.Nd5 Ke8 42.Nxb4 Kd7 43.e5 Rh5 44.Nd5 Rxg5 45.Kf4 h6 46.Ke4 Rg1 47.Nf4 
Rh1 48.Kf5 h5 0-1

[Event "5th Alicante it"]
[Site "Alicante ESP"]
[Date "1978.??.??"]
[Round "6"]
[White "Martin Gonzalez, Angel"]
[WhiteElo "2390"]
[Black "Rodriguez Vargas, Orestes"]
[BlackElo "2485"]
[Result "1/2-1/2"]
[EventDate "1978.03.01"]
[PlyCount "30"]

1.e4 e6 2.d4 d5 3.Nd2 c5 4.Ngf3 Nc6 5.Bb5 cxd4 6.Nxd4 Bd7 7.Nxc6 bxc6 8.
Bd3 Qc7 9.Qe2 Ne7 10.e5 c5 11.c3 Nc6 12.Nf3 Be7 13.O-O h6 14.Re1 g5 15.c4 
g4 1/2-1/2

[Event "5th Alicante it"]
[Site "Alicante ESP"]
[Date "1978.??.??"]
[Round "6"]
[White "Vilela de Acuna, Jose Luis"]
[WhiteElo "2435"]
[Black "Damjanovic, Mato"]
[BlackElo "2455"]
[Result "1/2-1/2"]
[EventDate "1978.03.01"]
[PlyCount "51"]

1.c4 e5 2.Nc3 Nf6 3.Nf3 Nc6 4.d3 h6 5.g3 Bb4 6.Bd2 O-O 7.Bg2 Re8 8.O-O a5 
9.Ne1 Bxc3 10.Bxc3 d5 11.cxd5 Nxd5 12.Nc2 Be6 13.Qd2 Qd7 14.Rfd1 Bh3 15.
Bh1 Bg4 16.f3 Be6 17.d4 exd4 18.Bxd4 Ndb4 19.Nxb4 axb4 20.Bf2 Qxd2 21.Rxd2
Bxa2 22.f4 Be6 23.Rxa8 Rxa8 24.Bxc6 bxc6 25.Bc5 b3 26.e4 1/2-1/2

[Event "5th Alicante it"]
[Site "Alicante ESP"]
[Date "1978.??.??"]
[Round "7"]
[White "Damjanovic, Mato"]
[WhiteElo "2455"]
[Black "Sanz Alonso, Francisco Javier"]
[BlackElo "2330"]
[Result "1/2-1/2"]
[EventDate "1978.03.01"]
[PlyCount "115"]

1.e4 e5 2.Nf3 Nc6 3.Bb5 Nge7 4.c3 g6 5.d4 Bg7 6.d5 a6 7.Ba4 Na7 8.c4 b5 9.
cxb5 axb5 10.Bb3 d6 11.O-O O-O 12.a3 Bd7 13.Nc3 h6 14.Be3 Qb8 15.Ne1 Kh7 
16.Nd3 c5 17.dxc6 Naxc6 18.Nd5 Be6 19.Nxe7 Nxe7 20.Nb4 Bxb3 21.Qxb3 Qb7 
22.Qd3 Rfd8 23.Rfd1 Rac8 24.f3 Rd7 25.g4 d5 26.exd5 Nxd5 27.Nxd5 Rcd8 28.
Qe4 Rxd5 29.Rd2 Qd7 30.Rad1 Rxd2 31.Rxd2 Qc7 32.Rxd8 Qxd8 33.Kg2 Qd1 34.
Bf2 Qb3 35.Qe2 e4 36.fxe4 Bxb2 37.Bc5 Be5 38.Bb4 Qe6 39.h3 Qb3 40.Qf3 Qc2+
41.Kf1 Kg7 42.h4 Qc4+ 43.Kg2 h5 44.gxh5 gxh5 45.Qxh5 Qxe4+ 46.Kf1 f6 47.
Bd2 Qd3+ 48.Ke1 Qg6 49.Qf3 Qg3+ 50.Ke2 Qxf3+ 51.Kxf3 Kg6 52.Ke4 Bb2 53.Bb4
f5+ 54.Kd5 Kh5 55.Kc6 f4 56.Kxb5 f3 57.Be1 Bxa3 58.Kc4 1/2-1/2

[Event "5th Alicante it"]
[Site "Alicante ESP"]
[Date "1978.??.??"]
[Round "7"]
[White "Diesen, Mark"]
[WhiteElo "2440"]
[Black "Martin Gonzalez, Angel"]
[BlackElo "2390"]
[Result "1-0"]
[EventDate "1978.03.01"]
[PlyCount "83"]

1.e4 c5 2.Nf3 d6 3.d4 cxd4 4.Nxd4 Nf6 5.Nc3 g6 6.Be3 Bg7 7.f3 Nc6 8.Qd2 
O-O 9.O-O-O Nxd4 10.Bxd4 Be6 11.Nd5 Bxd5 12.exd5 Qc7 13.g4 Rfc8 14.c3 b5 
15.g5 Nd7 16.Bxg7 Kxg7 17.Kb1 Rab8 18.Bh3 Qb7 19.Rhe1 Re8 20.Qd4+ Kg8 21.
Re3 Ne5 22.f4 Nc4 23.Re2 Qc7 24.b3 Nb6 25.Bg4 Qc5 26.h4 Qxd4 27.Rxd4 a5 
28.Rh2 Kg7 29.h5 f5 30.gxf6+ exf6 31.Be6 f5 32.Rd3 Rb7 33.hxg6 hxg6 34.
Rdh3 Kf6 35.Rh7 Ree7 36.Rh8 Nd7 37.b4 Rg7 38.Rd8 axb4 39.cxb4 g5 40.fxg5+ 
Ke7 41.Rhh8 Rxg5 42.Rhe8+ 1-0

[Event "5th Alicante it"]
[Site "Alicante ESP"]
[Date "1978.??.??"]
[Round "7"]
[White "Medina Garcia, Antonio Angel"]
[WhiteElo "2425"]
[Black "Fernandez Garcia, Jose Luis"]
[BlackElo "2310"]
[Result "1/2-1/2"]
[EventDate "1978.03.01"]
[PlyCount "46"]

1.e4 Nf6 2.e5 Nd5 3.d4 d6 4.Nf3 Nc6 5.Be2 dxe5 6.Nxe5 Nxe5 7.dxe5 Bf5 8.
O-O Nb4 9.Na3 Qxd1 10.Bxd1 O-O-O 11.Bg5 h6 12.Bh4 Rd7 13.g4 Be4 14.Re1 Bc6
15.e6 fxe6 16.Nc4 g5 17.Bg3 Bg7 18.Ne5 Bxe5 19.Bxe5 Rg8 20.a3 Nd5 21.Bf3 
Rf8 22.Be4 Nf6 23.Bxc6 bxc6 1/2-1/2